00949nam a2200253 a 4500001001000000005001700010008004100027041000800068044000700076050002300083245011400106250001800220260004600238300002400284500001800308500003200326500001100358500003000369500002200399500003400421500012400455506009200579650002400671BRCA_858120190320210334.0190816s1717----uk-#######---#000-0#eng-# aeng aUk 4aBX5011b.A36c171710aA companion for the festivals and fast of the church of Englandbwith collects and prayers fo each solemnity. atenth edition aLondonbW. bowyer, for W. churchillc1717 axxii, 636 p.c20 cm aFondo antiguo aSe encuentra en Caja Fuerte a12-152 aGrabado en la anteportada aContiene prefacio aIncluye índice alfabético aCon dos firmas en la guarda: Gorges Foyle his book given him by his aunt Foyle, 1737. Anne Foyle given me by M. Bromely0 aFondo reservado: para su consulta es necesario credencial de usuario y carta de motivos14aIglesiazInglaterra